[Event "American Continental 3rd"]
[Site "Buenos Aires"]
[Date "2005.08.08"]
[Round "3"]
[White "Milman, Lev"]
[Black "Echavarria, Johann"]
[Result "1-0"]
[WhiteElo "2459"]
[BlackElo "2362"]
[Annotator "Rogozenco,D"]
[PlyCount "85"]
[EventDate "2005.08.06"]
[EventType "swiss"]
[EventRounds "11"]
[EventCountry "ARG"]
[SourceTitle "CBM 109"]
[Source "ChessBase"]
[SourceDate "2005.11.14"]
[SourceVersion "1"]
[SourceVersionDate "2005.11.14"]
[SourceQuality "1"]

1. e4 c5 2. Nf3 e6 3. d4 cxd4 4. Nxd4 Nf6 5. Nc3 Nc6 6. Ndb5 d6 7. Bf4 e5 8.
Bg5 a6 9. Na3 b5 10. Bxf6 gxf6 11. Nd5 f5 12. Bd3 Be6 13. O-O Bxd5 14. exd5 Ne7
15. Nxb5 {This system has been tried in the past by Short, Anand and Nunn (in
the chronological order of playing it) and recently by Ehlvest. However, they
all must have drawn the conclusion that Black gets sufficient compensation for
the pawn, since they never repeated 14.Nxb5 in their practice again. On the
other hand recently some young Israelis started to implement it, namely
Erenburg and Postny. The theory developed and White found more resources to
fight for advantage.} Bg7 16. Nc3 e4 17. Bc4 {White keeps the diagonal d1-h5
open for the queen.} ({The alternative is} 17. Be2 O-O 18. Qd2 Ng6 $44) 17...
Ng6 (17... Qc7 18. Qe2 (18. Bb3 Bxc3 19. Ba4+ Kf8 20. bxc3 Qxc3 $11) 18... O-O
$44) (17... Qa5 18. Qd2 $14) (17... O-O 18. Qh5 $14) ({If Black starts with} 
17... Bxc3 18. bxc3 Ng6 {the interesting is} 19. f3 $5 (19. Qh5 {transposes to
the main game})) 18. Qh5 (18. Qd2 O-O 19. Rae1 (19. Kh1 Qh4 20. g3 Qh3 $44 {
0-1 Manninen,M (2310)-Sammalvuo,T/Jyvaskyla 1991 (23)}) 19... Qh4 $44) (18. Ne2
Bxb2 (18... f4 $44) 19. Rb1 Be5 $11 20. Ng3 Qg5 21. Qh5 Qxh5 22. Nxh5 O-O 23.
Be2 Rfc8 24. c4 Rab8 25. Rb3 Rxb3 26. axb3 Rb8 27. Bd1 f4 28. g4 Nh4 29. Re1
Nf3+ 30. Bxf3 exf3 31. c5 Kf8 32. cxd6 Bxd6 33. h4 Rxb3 34. Nf6 h6 {1/2-1/2
Lorentzen,O (2509)-Sandstroem,B (2443)/ICCF Email 2002}) 18... Bxc3 (18... Qc8
19. Bb3 O-O 20. Rae1 Re8 21. f4 Bxc3 22. bxc3 e3 23. Ba4 Re4 24. Bc6 $16 {
1-0 Erenburg,S (2533)-Al Sayed,M (2443)/Andorra 2004 (42)}) 19. bxc3 Qf6 20.
Qh6 (20. f4 O-O 21. Bb3 Rfc8 $44) (20. Rfe1 Nf4 21. Qd1 Qxc3 22. Bf1 Nh3+ $1
23. gxh3 Rg8+ 24. Kh1 Qg7 25. Bb5+ axb5 26. Rg1 Qxg1+ 27. Qxg1 Rxg1+ 28. Kxg1
Ke7 $19 {0-1 Astengo,C (2172)-Pavlovic,M (2560)/Saint Vincent 2003 (39)}) (20.
Rae1 Rg8 21. f4 Kf8 22. Re3 Rc8 23. Bb3 Rxc3 24. Rxc3 Qxc3 25. g3 a5 $17 {
0-1 Ehlvest,J (2602)-Van Wely,L (2617)/Moscow 2004 (46)}) 20... Qxc3 ({Another
possibility is} 20... Rg8 {after which White is just marginally better:} 21.
Rab1 $5 ({For} 21. Rae1 Qxc3 22. Bb3 {see 20...Qxc3 21.Bb3 Rg8 22.Rae1.}) 21...
Qxc3 22. Bxa6 Qg7 23. Qxg7 Rxg7 24. Rb6 Nf4 25. g3 Nxd5 (25... Ke7 26. Rd1 $16
{Winckelmann (2521)- Grosso (ARG) (2430 corr 2002}) 26. Rxd6 Nc3 27. a4 Rg6 $1
(27... Ke7 28. Rc6 Nxa4 29. Ra1 Nb2 30. Rb1 Rb8 31. Bc4 $1 (31. c4 Rgg8 32. c5
Rgd8 33. Kf1 Rd2 34. Rb6 Ra8 35. Rb7+ Kf8 36. R7xb2 Rxb2 37. Rxb2 Rxa6 38. Ke2
Ra3 39. Rc2 Ke7 40. h4 Kd8 41. Rd2+ Ke7 42. Rd5 Ke6 43. Rd6+ Ke5 44. Rd7 Ke6
45. Rd8 Rc3 46. Re8+ Kf6 {1/2-1/2 Koch,C (2324)-Mauro,L (2300)/IECG email 2000}
) 31... Rb4 32. Bb3 Na4 33. Ra1 $16) 28. Bb5+ Nxb5 29. Rxg6 fxg6 30. axb5 Rc8
31. Rc1 Rc3 32. b6 Kd7 33. Rb1 Kc8 34. b7+ Kb8 35. Rb2 Rc7 36. f3 {1/2-1/2
Turati,P (2385)-Djoudi,A (2174), IECC TH-M email 2003} exf3 37. Kf2 Rc3 $11)
21. Bb3 f4 $5 {A double-edged decision. Black has problems with his king in
the center and such an active play can easily backfire.} (21... Ke7 22. f3 (22.
Rae1 a5 23. a4 Rag8 24. Kh1 Qf6 25. Qe3 Kf8 26. Qh6+ Ke7 27. Qd2 Nh4 28. Rg1
Rg6 29. f3 Rhg8 30. fxe4 Rxg2 31. exf5+ Kf8 32. Rxg2 Rxg2 33. Qf4 Rg5 34. Rg1
Rxf5 35. Qg4 Nf3 36. Rf1 h6 $15 {1/2-1/2 Windhorst,W-Del Rio,R/corr 1998 (77)})
22... exf3 23. Rae1+ Kf6 24. Re3 Qd4 25. c3 Qh4 26. Qxh4+ Nxh4 27. g3 Rhg8 28.
Bd1 f4 29. Re4 Ng6 30. Rxf3 Rge8 $11 {1/2-1/2 Postny,E (2559)-Fluvia Poyatos,J
(2458)/Andorra la Vella 2005 (39)}) (21... Rg8 22. Rae1 (22. Ba4+ Ke7 23. Rab1
Rab8 24. Rxb8 Rxb8 25. Qg5+ Qf6 26. Qe3 Kf8 $13) 22... Qg7 (22... Ke7 23. Kh1
Qf6 24. f3 Nh4 25. Qxf6+ Kxf6 26. fxe4 Rxg2 27. Rxf5+ Nxf5 28. Kxg2 $14 {
1-0 Winckelmann (2521)-Bastos (2488)/ corr 2002 (45)}) 23. Qxg7 Rxg7 24. f3 Kf8
25. fxe4 f4 $44 {1/2-1/2 Erenburg,S (2595)-Rogers,I (2569)/Amsterdam 2005 (43)}
) (21... a5 $5 22. Ba4+ Ke7 23. Rae1 (23. Rab1 Rab8 $13) 23... Rag8 24. Kh1 Qg7
25. Qxg7 $6 Rxg7 26. f3 Rb8 27. fxe4 f4 $44 {0-1 Postny,E (2563)-Nguyen,N 
(2466)/Budapest 2004 (56)}) 22. Rfe1 Qe5 ({Weakening the seventh rank looks
dangerous:} 22... f5 {[%cal Ge8f7]} 23. Ba4+ $1 (23. Rab1 Kf7 24. Ba4 Ra7 $13)
23... Ke7 (23... Kf7 $2 24. Bd7 $1 {[%csl Rf5]}) 24. Rab1 Rab8 25. h4 $36) 23.
c4 (23. Rab1 Ke7 $1 ({After} 23... Rb8 24. c4 $1 {Black must alwas consider
the sacrifice c4-c5.}) 24. Bc4 Rab8 25. Bxa6 Rxb1 26. Rxb1 Ra8 27. Bc4 Qd4 $44)
23... Rc8 $1 (23... Rb8 {allows a strong pawn sacrifice:} 24. c5 $1 dxc5 25.
Rac1 {and Black´s position becomes very dangerous}) 24. Rab1 Ke7 25. Qh3 f5 $5
{Continuing the same risky strategy. The price of any mistale becomes higher
and higher.} ({More cautious is} 25... Kf6 $13 {[%cal Gf6g7]}) 26. Ba4 $6 ({
White had to start with} 26. Qh6 Kf6 {after which the position remains very
sharp and complicated, with mutual chances} (26... Kf7 27. Bd1 $1 $36 {[%cal
Gb1b7]})) 26... Rxc4 $1 (26... Rc7 27. Bc6 Kf7 $14) 27. Rb7+ ({Deserves
attention to cut off the way back for the rook c4 with} 27. Bc6 $5) 27... Kf6
28. Qh6 (28. Bb3 Qc3 $1 $17) 28... Qc3 $1 (28... Rxa4 {is not necessary,
although Black holds:} 29. h4 (29. Qg7+ $2 Kg5 30. h4+ Kh5 $19) 29... Qxd5 30.
Qg7+ Ke6 31. h5 (31. Qf7+ Ke5 32. Qg7+ $11) 31... Qd2 (31... Qxb7 32. Qxb7 Ne5
33. Qg7 $16) 32. Rf1 (32. Reb1 e3 33. hxg6 Qxf2+ $11) 32... e3 $1 33. hxg6 e2
34. Re7+ Kd5 35. Rxe2 Qxe2 36. Qxh8 hxg6 $13) 29. Rd1 Rc7 30. Rxc7 Qxc7 $17 {
Black achieved a lot: he took the c-pawn and succeeded to trade White´s active
rook. Now Black´s prospects are much better, since his king is secure.} 31. h4
Qg7 ({Strong is also} 31... Qe7 32. h5 $140 Qf8 $1 33. Qxf8+ Nxf8 34. Rb1 h6 {
[%cal Gf8h7]} 35. Rb6 (35. Rb8 Ke5 36. Bc6 Ng6 $19) 35... Ke5 36. Rxa6 Nh7 $17)
32. Qg5+ ({The endgame after} 32. Qxg7+ $2 Kxg7 {is lost for White. With the
king on e5 the difference between the kings will be too big.}) 32... Ke5 33. g3
(33. h5 Qe7 34. Qh6 Nh4 $1 $17 (34... Qf8 35. Qg5 $11)) 33... Qf6 34. Qh6 (34.
gxf4+ Nxf4 $19) 34... fxg3 $2 {The drawback of this move is that it releases
White´s queen. The final part was probably played in the mutual time-trouble.}
({Black could win easily after} 34... Rg8 $1 35. Kh2 (35. h5 Qf8 36. Qxh7 Ne7
$19 {[%csl Rh7][%cal Gg8h8]}) 35... fxg3+ 36. fxg3 f4 {and with the king on e5
Black creates the decisive attack (White´s bishop is out of play)}) 35. fxg3 f4
({Now} 35... Rg8 {is not possible:} 36. Qe3 {[%cal Ge3d4]} f4 37. Qd4+ Kf5 38.
Bd7+ {with mate}) 36. Bd7 (36. h5 Rg8 $1 (36... fxg3 37. Rf1 $1) 37. hxg6 Rxg6
38. Qh2 {[%cal Gh2b2]} Rxg3+ 39. Kh1 Qf7 $17) 36... e3 37. Qh5+ (37. Bg4 $142
Ke4 38. Be2 $1 $13) 37... Ke4 38. Qe2 Qc3 $1 39. Qg2+ $2 f3 $19 40. Qh3 f2+ 41.
Kh2 Qf6 42. Qg4+ (42. Bg4 Rb8 43. Qg2+ Ke5 $19) (42. Qg2+ Ke5 $19) 42... Nf4
43. Rb1 {The result is unclear, since Black wins by force.} (43. Rb1 f1=Q 44.
Rxf1 (44. Bf5+ Kxd5 45. Rxf1 Qb2+ $18) (44. Qf5+ Qxf5 45. Bxf5+ Kxf5 46. Rxf1
e2 47. Rxf4+ Ke5 $19) 44... Qb2+ {and White gets mated}) 1-0

[Event "CHN-ch"]
[Site "Wuxi"]
[Date "2006.07.06"]
[Round "11"]
[White "Li, Shilong"]
[Black "Zhao, Jun"]
[Result "1-0"]
[WhiteElo "2539"]
[BlackElo "2525"]
[Annotator "Rogozenco,D"]
[PlyCount "53"]
[EventDate "2006.06.25"]
[EventType "tourn"]
[EventRounds "11"]
[EventCountry "CHN"]
[EventCategory "14"]
[SourceTitle "CBM 113 Extra"]
[Source "ChessBase"]
[SourceDate "2006.09.14"]
[SourceVersion "1"]
[SourceVersionDate "2006.09.14"]
[SourceQuality "1"]

1. e4 c5 2. Nf3 Nc6 3. d4 cxd4 4. Nxd4 Nf6 5. Nc3 e5 6. Ndb5 d6 7. Bg5 a6 8.
Na3 b5 9. Bxf6 gxf6 10. Nd5 f5 11. Bxb5 {In this variation a profound
theoretical knowledge together with concrete home analysis is more important
than the ability to calculate variations over the board.} axb5 12. Nxb5 Ra4 13.
b4 Qh4 {Introduced by McShane and then successfully played by Kasparov, this
move is relatively little studied. In order to use itin practice one must
analyze it very well.  In the present game White came better prepared and
showed that Black's task is far from simple after 13...Qh4.} ({The best way is
} 13... Rxb4 14. Nbc7+ Kd7 15. O-O Rg8 $1 {and practice proved that Black is
fine here. The latest example goes:} 16. Nxb4 Nxb4 17. c3 Qxc7 18. cxb4 Ke7 $15
{0-1 Onischuk,A (2237)-Voiska,M (2387)/Germany 2004 (31)}) 14. O-O Rg8 15. f4 (
{Many games ended in a draw after} 15. c3 f4 16. Qxa4 Rxg2+ 17. Kxg2 Qg4+ $11)
15... Kd8 16. Nb6 $1 (16. c3 $6 Ra6 17. a4 $6 fxe4 18. f5 $6 Bb7 $17 {0-1
Shirov,A (2715)-Kasparov,G (2838)/Linares 2002 (28)}) 16... Rxb4 (16... Ra6 $2
17. Nxd6 $18) 17. Nxc8 Kxc8 18. Qd5 Nd4 $6 {Considering that the exchange on
d4 favours Black, this active move looks good - it attacks b5 and creates the
threat of checks on e2 and g3. Alas, White can defend everything and create a
strong attack himself.} (18... Kd7 19. Rad1 Qf6 20. Qc5 Be7 (20... Rxe4 21. Qb6
$40) (20... Qg6 21. g3 Rxe4 22. Qb6 Nd4 (22... exf4 23. Qc7+ $18) 23. Qb7+ Ke6
24. Nc7+ Kf6 25. Ne8+ Ke6 26. Qc8+ Ke7 27. Rb1 $40) 21. Na7 $1 Nxa7 (21... d5
$142 22. Rxd5+ Kc7 23. Nb5+ Rxb5 24. Qxb5 fxe4 $13) 22. Qxb4 Rc8 23. fxe5 Qxe5
24. Rxf5 Qc3 25. Qa4+ Nc6 26. Rxf7 $16 {0-1 Isaev,J (2416)-Elliott,W (2262)/
Turin 2006 (83)}) (18... Nd8 $5 $13) 19. Qa8+ ({After} 19. Nxd4 $2 Rxd4 {
White must give perpetual:} 20. Qc6+ Kd8 21. Qb6+ (21. Rab1 $4 Rxg2+ 22. Kxg2
Rd2+ $19) 21... Ke7 22. Qc7+ Ke8 23. Qc6+ Ke7 24. Qc7+ Ke8 $11 (24... Kf6 $4
25. Qd8+ $18) (24... Ke6 $4 25. exf5+ Kxf5 (25... Kd5 26. Qxf7+ $18) 26. Qxf7+
$18)) 19... Kd7 20. Qb7+ Ke8 (20... Kd8 21. Qc7+ Ke8 22. Qc8+ Ke7 23. Nc3 {
lead to the same position from the game.}) 21. Qc8+ Ke7 22. Nc3 $1 {[%csl Rd5]
[%cal Gc3d5] The eternal problem - square d5 - is fatal for Black. White's
attack will soon lead to material advantage.} f6 (22... Rb5 23. Rf2 $1 (23.
Nxb5 Ne2+ 24. Kh1 Ng3+ 25. Kg1 Ne2+ $11) 23... Rc5 (23... exf4 24. Qc7+ Ke8 25.
Nxb5 Nxb5 26. Qb8+ $18) 24. Nd5+ Rxd5 25. exd5 $16) 23. Rf2 $1 $146 {[%mdl 8]
A strong defensive move, after which Black must give up an exchange and
struggle for the draw in a much inferior position.} ({Previously White played} 
23. Nd5+ Kf7 24. Qd7+ (24. Rf2 $1) 24... Kg6 25. Nxb4 (25. Rf2 Rb8 $1 $13)
25... Ne2+ {and due to the repetition the draw was agreed in Sigfusson,S (2340)
-Asgeirsson,H (2115)/Island (ch) 2005}) 23... Kf7 (23... fxe4 24. Nd5+ Kf7 25.
Qd7+ (25. Nxb4 $2 e3) 25... Kg6 26. g3 $1 (26. Nxb4 $2 e3 $19) 26... Qh5 (26...
Kh6 27. Qf7 e3 28. Qxg8 exf2+ 29. Kh1 $18) 27. Qe8+ Kh6 28. Qxh5+ Kxh5 29. Nxb4
exf4 30. Nd5 $16) 24. Nd5 Rb2 {In order to save itself the rook went to the
only available square, but now White wins with a direct attack on the kingside.
} (24... fxe4 $142 25. Qd7+ {which is the same as 23...fxe4.}) (24... Rb5 25.
Qd7+ Kg6 26. c3 fxe4 ({After} 26... Rxd5 27. exd5 {Black loses the knight too.}
) 27. cxd4 Rxd5 28. fxe5 $18 {with the decisive attack.}) 25. Qd7+ Kg6 26.
exf5+ Kh6 (26... Nxf5 27. fxe5 $18) 27. Qf7 {Black loses too much material. He
still could set a trap, though.} (27. Qf7 Rxa2 $1 (27... Rxc2 28. Rxc2 Nf3+ (
28... Nxc2 29. Qxg8 $18) 29. Kf1 Nxh2+ 30. Ke2 Rxg2+ 31. Kd3 $18) 28. Rd1 (28.
Rxa2 $2 {allows a draw:} Rxg2+ $1 29. Kxg2 (29. Rxg2 $4 Qe1#) 29... Qg4+ 30.
Kh1 Qd1+ 31. Kg2 Qg4+ $11) (28. Raf1 $2 {is bad too:} Nf3+ $1 29. Rxf3 Rxg2+
30. Kxg2 Rxc2+ 31. R1f2 Rxf2+ 32. Rxf2 Qg4+ $11) ({but} 28. Rc1 $18 {is also
enough for a win.}) 28... Rxc2 (28... Rh8 29. g3 $18 {[%cal Gf7f6]}) 29. Rxc2
Nf3+ 30. Kf1 Nxh2+ 31. Ke2 Rxg2+ 32. Kd3 Qh3+ 33. Ne3 $18) 1-0

[Event "ESP-chT Honor Gp1 49th"]
[Site "Merida"]
[Date "2005.08.26"]
[Round "3"]
[White "Volokitin, Andrei"]
[Black "Van Wely, Loek"]
[Result "1-0"]
[WhiteElo "2671"]
[BlackElo "2655"]
[Annotator "Rogozenco,D"]
[PlyCount "71"]
[EventDate "2005.08.24"]
[EventType "team"]
[EventRounds "5"]
[EventCountry "ESP"]
[SourceTitle "CBM 109"]
[Source "ChessBase"]
[SourceDate "2005.11.14"]
[SourceVersion "1"]
[SourceVersionDate "2005.11.14"]
[SourceQuality "1"]

1. e4 c5 2. Nf3 Nc6 3. d4 cxd4 4. Nxd4 Nf6 5. Nc3 e5 6. Ndb5 d6 7. Bg5 a6 8.
Na3 b5 9. Nd5 {In 2005 many GMs switched to this continuation, probably having
realized that a small advantage in simple positions is better than no
advantage in sharp variations (arising usually after 9.Bxf6).} Be7 10. Bxf6
Bxf6 11. c3 Bg5 12. Nc2 Rb8 13. a4 bxa4 14. Ncb4 Bd7 15. Bxa6 Nxb4 16. Nxb4 Qa5
17. Qxd6 Rb6 {This is one of the possible set-ups for Black against 9.Nd5 line.
It leads to positions very close to a draw. For more information about it see
the annotations to Leko-Illescas, Madrid 1998 and Motylev-Timofeev, Moscow
2004.} 18. Qd3 Be7 19. Nd5 Rxb2 20. O-O (20. Nxe7 Kxe7 $11) 20... Qc5 (20...
Bd8 21. Ne3 Rb3 22. Rfd1 Qc7 {0-1 Zinchenko,Y (2493)-Chasovnikova,E (2299)/
Pardubice 2005} 23. Nd5 Qa7 24. Nb4 Be7 25. Bb5 $18) 21. Rab1 Rxb1 22. Rxb1 O-O
23. Bb5 Bxb5 $146 (23... Be8 24. Bxe8 Rxe8 25. Rb7 ({Knowing what position
Volokitin won in this game, one can suspect that he wanted to play for a win
in the following variation:} 25. Qa6 a3 26. Rb5 Qd6 27. Nxe7+ (27. Rb6 $5)
27... Qxe7 28. Rb3 Rd8 29. g3 h6 {Oortwijn,R (2280)-Kiefhaber,H (2250)/IECG
email 1999 continued} 30. Qxa3 Qd7 31. Rb1 Qd3 32. Re1 Rc8 33. Re3 Qd1+ 34. Kg2
Rb8 35. Qa6 Rb1 36. Qc8+ Kh7 37. Qf5+ Kg8 38. Kh3 Qf1+ 39. Kg4 g6 40. Qf6 Qd1+
41. Kh3 Qf1+ 42. Kg4 {and the draw was agreed}) (25. Qd1 a3 26. Qa4 Rc8 27.
Nxe7+ Qxe7 28. Rb3 Qd6 29. Rxa3 Qd3 30. h3 g6 31. Qa6 Qxa6 32. Rxa6 Rxc3 33.
Ra5 f6 34. Ra7 Rc8 {1/2-1/2 Bley,M (2328)-Clowes,M (2305)/ICCF Email 2002})
25... Bd6 $1 (25... Bg5 26. Qg3 (26. Qd1 $1 $16) 26... Qa3 27. h4 Qc1+ 28. Kh2
Bf4 $11 {1/2-1/2 Leko,P (2670)-Illescas Cordoba,M (2600)/Madrid 1998 (34)}) 26.
Qa6 a3 {1/2-1/2 Motylev-Timofeev, Moscow 2004}) 24. Rxb5 Qa7 25. Qe3 Qd7 ({
Of course, not} 25... Qxe3 $4 26. Nxe7+ $18) 26. Ra5 Rb8 27. Nxe7+ {An
unexpected decision. I think that many players would agree to a draw here, but
Volokitin shows that White still has some resources if Black is playing
inaccurate.} ({After} 27. g3 Bf8 {followed by ...a3 the position is about
equal as well.}) 27... Qxe7 28. g3 {It seems incredibly that Loek could lose
such a position. In Dortmund 2005 Leko has equalized completely in the 9.Nd5
line versus Topalov, but he also lost. Apparently one should play carefully
until the very end in such positions, since even in equal situations White
keeps some potential for an initiative.  Black needs a precise play, since
opponent´s rook attacks both e5 and a4 and besides Black still needs to waste
a tempo in order to solve his back rank problem. All this means that it is
very likely that White will win a pawn. Black´s task is to give up the pawn in
the most convenient way, in order to obtain counterplay.} Qd6 $2 {Unexpectedly,
this turns out to be bad. Black tries to keep everything protected, but due to
the weakness of his backrank this defense is not stable. Van Wely had at his
disposal at least two better ways to hold the position: 28...Qa3, and 28...Qd8.
} (28... a3 $6 29. Qa7 Qxa7 30. Rxa7 f5 (30... Kf8 31. Rxa3 $16) 31. exf5 (31.
Rxa3 fxe4 32. Ra5 (32. Kf1 Rb2) 32... Rc8 33. Rxe5 Rxc3 34. Rxe4 Kf7 {is an
easy draw}) 31... Rb3 32. c4 Rc3 33. Kg2 $16) (28... Qe8 $6 29. Qa7 Rc8 30. Qb7
$1 Rb8 31. Qa6 $16 {White wins a pawn with no compensation for Black}) (28...
Qa3 29. Rxe5 (29. Qa7 Rc8 $11) {is double-edged, because Black's a-pawn
becomes quite dangerous. He can continue} 29... Ra8 30. Qd4 Qf8 $1 {The
perfect arrangement for Black: the rook supports the a-pawn, while the queen
keeps everything protected. This should be sufficient to hold the balance.}) (
28... Qd8 29. Qc5 (29. Rxe5 $6 a3 $132) (29. Rxa4 $4 Qd1+ $19) (29. Qa7 g6 30.
Rd5 Qe8 $11 {[%cal Gb8a8] This is the difference to the game. From d6 the
queen couldn´t find a good square on the backrank when attacked by the rook.} (
30... Qc8 $11)) 29... g6 30. Qxe5 Ra8 31. Rd5 (31. Rxa8 $2 Qxa8 $19) 31... Qe8
{This is not the only move, of course} (31... Qf8 32. Rd2 a3 33. Ra2 $14) (
31... Qb6 32. Rb5 Qa6 $44 (32... Qe6 33. Qxe6 fxe6 34. Rb2 a3 35. Ra2 Kf7 $44))
32. Qxe8+ Rxe8 33. Rd4 (33. e5 Ra8 34. Rd2 a3 35. Ra2 f6 36. exf6 Kf7 $11) (33.
f3 Rc8 34. Ra5 Rxc3 35. Rxa4 Rxf3 $11) 33... Ra8 34. Rd2 a3 35. Ra2 Kf8 36. Kf1
Ke7 37. Ke2 Kd6 38. Kd3 Kc5 {is a draw}) 29. Qa7 $1 $16 (29. Kg2 Qc6 {[%csl
Re4][%cal Gb8a8]} 30. Qd3 h6 $11 (30... Ra8 31. Qc4 $1)) 29... g6 (29... h6 {
also does not solve the problems:} 30. Rd5 (30. Kg2 Rc8 31. Qb7 Qc7 $11 (31...
Rxc3 $2 32. Ra8+ Kh7 33. Qxf7 Rc7 34. Qg8+ Kg6 35. Qe8+ $16)) (30. Rxa4 Rb1+
31. Kg2 Qd1 $11) 30... Rb1+ 31. Kg2 Qc6 32. Rd8+ $1 (32. Rxe5 Rc1 $11) 32...
Kh7 33. Qxf7 Qxe4+ 34. f3 Qc2+ 35. Kh3 Rb6 36. Qg8+ Kg6 37. Qe8+ Kh7 38. Qxe5
$16) 30. Rd5 Rb1+ (30... Qb6 31. Qxa4 Qc7 32. c4 $16) 31. Kg2 Qc6 (31... Qf6
32. Qxa4 Rb2 33. Qa7 $16) 32. Rxe5 (32. Qe7 Rb8 {[%cal Gb8a8]} 33. Qxe5 Ra8 34.
Rd6 (34. Ra5 $2 a3 $19) 34... Qc4 {and again the passed a-pawn supported by
the rook compensates the slight material deficiency.}) 32... Qxc3 $2 {After
this mistake Black loses by force.} (32... Rb6 {[%cal Gb6a6]} 33. Re7 (33. h4
h5 $1) 33... h5 $1 {This leaves Black with chances to survive:} (33... Ra6 34.
Qb8+ Kg7 35. Re8 Kh6 (35... h5 36. Rg8+ Kh7 37. Rh8+ Kg7 38. Qf8+ Kf6 39. Qb4
$40 {[%cal Gb4d4]}) 36. h4 $1 (36. Qf4+ Kg7 37. Qe5+ Qf6 38. Qc5 Qd6 39. Qxd6
Rxd6 40. Ra8 Rc6 41. Rxa4 Rxc3 $16 {is drawn, although certainly Black will
have to suffer until reaching it.}) 36... a3 (36... Ra5 37. Qd8 a3 38. Qe7 a2
39. Qf8+ Kh5 40. Qg7 h6 41. Qxf7 $18 {[%cal Gf7f3]}) 37. Qf4+ Kg7 38. Qe5+ Qf6
39. Qc5 Qd6 40. Qxd6 Rxd6 41. Ra8 Re6 42. Kf3 $18) 34. h4 (34. Rxf7 $2 Qxe4+) (
{or} 34. h3 Ra6 {similar to 34.h4}) 34... Ra6 35. Qb8+ Kg7 36. Re8 a3 {and it
is not clear how White breaks through. For instance:} 37. Rg8+ (37. Qe5+ Qf6
38. Qc5 Kh7 $1) 37... Kh7 38. Qf8 Qxe4+ 39. Kh2 (39. Kg1 Qe1+) 39... Qe5 40.
Qxf7+ Kh6 41. Re8 Qf6 42. Qa2 Qxc3 43. Re7 (43. Qd5 Qf6 44. Qd2+ Kg7 45. Qd7+
Kh6 $11) 43... Rf6 44. Qg8 Rxf2+ 45. Kh3 Rh2+ 46. Kxh2 Qc2+ 47. Kh3 Qf5+ 48.
Kg2 Qc2+ 49. Kf1 Qf5+ 50. Ke1 Qb1+ {with perpetual}) 33. Re8+ Kg7 34. Qe7 h5 ({
Or} 34... Qb4 35. Qe5+ f6 (35... Kh6 36. Rg8 Qb2 37. Qf4+ {and mate}) 36. Re7+
$18) 35. Qf8+ Kh7 36. Re7 1-0